Hungry hill. (Record no. 233645)

000 -LEADER
fixed length control field 00634cam a2200217 4500
001 - CONTROL NUMBER
control field 4632806
003 - CONTROL NUMBER IDENTIFIER
control field Nust
005 - DATE AND TIME OF LATEST TRANSACTION
control field 20170309142234.0
008 - FIXED-LENGTH DATA ELEMENTS--GENERAL INFORMATION
fixed length control field 720323t19711943mau 000 1 eng
010 ## - LIBRARY OF CONGRESS CONTROL NUMBER
LC control number 78184732
020 ## - INTERNATIONAL STANDARD BOOK NUMBER
International Standard Book Number 9781844084524
040 ## - CATALOGING SOURCE
Original cataloging agency DLC
Transcribing agency DLC
Modifying agency DLC
050 00 - LIBRARY OF CONGRESS CALL NUMBER
Classification number PZ3.D8916
Item number Hu7
Classification number PR6007.U47
082 00 - DEWEY DECIMAL CLASSIFICATION NUMBER
Classification number 823.912
Author Mark MAU
100 1# - MAIN ENTRY--PERSONAL NAME
Personal name Du Maurier, Daphne,
Dates associated with a name 1907-1989.
245 10 - TITLE STATEMENT
Title Hungry hill.
260 ## - PUBLICATION, DISTRIBUTION, ETC.
Place of publication, distribution, etc. Cambridge, Mass.,
Name of publisher, distributor, etc. R. Bentley,
Date of publication, distribution, etc. 1943
300 ## - PHYSICAL DESCRIPTION
Extent 516 p.
Dimensions 22 cm.
350 ## - PRICE (NR) (BK AM CF MU VM SE) [OBSOLETE]
Price $8.50
906 ## - LOCAL DATA ELEMENT F, LDF (RLIN)
a 7
b cbc
c orignew
d 2
e ncip
f 19
g y-gencatlg
942 ## - ADDED ENTRY ELEMENTS (KOHA)
Source of classification or shelving scheme
Koha item type Book
Holdings
Withdrawn status Lost status Source of classification or shelving scheme Damaged status Not for loan Collection code Permanent Location Current Location Shelving location Date acquired Total Checkouts Full call number Barcode Date last seen Copy number Price effective from Koha item type
            Central Library (CL) Central Library (CL) Fiction 03/09/2017   823.912 MAU CL421 06/23/2023 1 03/09/2017 Book
© 2023 Central Library, National University of Sciences and Technology. All Rights Reserved.